Представление документа в формате MARC21

Поле Инд. ПП Название Значение
Тип записи a
Библиографический уровень m
001 Контрольный номер RU/IS/BASE/370097822
005 Дата корректировки 20140703195909.8
040 a Служба первич. каталог. НБ ТвГУ
b Код языка каталог. rus
e Правила каталог. PSBO
041 0_ a Код языка текста rus
080 a Индекс УДК 821.161.1.09(043.3)
084 a Индекс другой классификации/Индекс ББК Ш5(2=411.2)6-34я031
090 a Полочн. индекс Ш5(2=411.2)
x Авторский знак Т 19
100 1_ a Автор Тарасова Виктория Михайловна
q Полное имя Тарасова В. М.
245 10 a Заглавие Новороссийская маринистика как продолжение истории мировой литературной маринистики: константы национального характера
b Продолж. заглавия автореф. дис. ... к.ф.н. : 10.01.01
c Ответственность ГОУ ВПО "Кубан. гос. ун-т", Каф. истории рус. лит., теории лит. и критики
260 a Место издания Краснодар
b Издательство б. и.
c Дата издания 2011
300 a Объем 25 с.
500 a Примечание На правах рукоп.
504 a Библиография Библиогр. в конце кн. и в подстроч. примеч.
653 a Ключевые слова Авторефераты
a Ключевые слова Литература
a Ключевые слова Литературные темы
a Ключевые слова Маринистика
a Ключевые слова Русская литература
a Ключевые слова Тема моря в литературе
901 t Тип документа m
920 a Оператор Густ
930 a Новая/Ретро авторефераты
952 c Вид литературы А/Р н
954 a Дата поступления на обработку 20110929